Ο Ματθαίος Βλάσταρης και το υμνογραφικόν έργον του

Saved in:
Bibliographic Details
Main Author: Πάσχος, Παντελής Β., 1933-
Format: Book
Language:Greek
Published: Θεσσαλονίκη : Ίδρυμα Μελέτων Χερσονήσου του Αίμου, 1978
Series:Ίδρυμα Μελετών Χερσονήσου του Αίμου (Εταιρεία Μακεδονικών Σπουδών) ; 183
Subjects:
Tags: Add Tag
No Tags, Be the first to tag this record!

MARC

LEADER 00000cam a2200000 i 4500
001 1/104304
008 090423s1978 gre d
035 |l 10104367 
040 |a GR-MY-UA  |b gre  |e aacr 
041 0 |a gre 
082 0 |a 264.01902  |2 (22) 
100 1 |a Πάσχος, Παντελής Β.,   |d 1933- 
245 1 2 |a Ο Ματθαίος Βλάσταρης και το υμνογραφικόν έργον του /  |c Π. Β. Πάσχου 
260 |a Θεσσαλονίκη :   |b Ίδρυμα Μελέτων Χερσονήσου του Αίμου,   |c 1978 
300 |a 298 σ.;  |c 25 εκ. 
490 1 |a Ίδρυμα Μελετών Χερσονήσου του Αίμου  |v ; 183 
600 1 0 |a Βλάσταρις, Ματθαίος,   |d 14ος αι. 
650 0 0 |a Hymns, Greek  |x History and criticism. 
830 0 |a Ίδρυμα Μελετών Χερσονήσου του Αίμου (Εταιρεία Μακεδονικών Σπουδών)  |v ; 183 
852 |a INST  |b RHODES  |c AKA  |e 20090423  |h  264.01902 ΠΑΣ  |p 005400032045  |q 005400032045  |t BK  |y 0 
901 |a BIBL4-2009-1 
909 |a Ρ  |b 157061 
970 |a ΚΟΖΑ  |b ΜΑΡΙΑ  |z 2009/04/23